| 000 | 00635nam a2200253Ia 4500 | ||
|---|---|---|---|
| 003 | OSt | ||
| 005 | 20221007103925.0 | ||
| 006 | a|||||r|||| 00| 0 | ||
| 007 | ta | ||
| 008 | 221006b |||||||| |||| 00| 0 eng d | ||
| 024 | _a14,409 | ||
| 037 | _cTextual | ||
| 040 |
_aLCO _cLCO _beng |
||
| 041 |
_2eng _aeng |
||
| 082 | _aZ2,94,4, L4 | ||
| 100 |
_aField C.D. _9682486 |
||
| 245 | 0 | _aLaw Realting to Estoppel | |
| 250 | _a2nd | ||
| 260 |
_aAllahabad _bDelhi Law House India _c1974 |
||
| 300 | _a408 | ||
| 650 |
_aESTOPPEL _9705648 |
||
| 942 |
_hZ2,94,4, L4 _cTEXL |
||
| 999 |
_c1183972 _d1183972 |
||